Conservación de frutas y hortalizas/,

Guardado en:
Autor Principal: Inta. Argentina
Formato: Libro
Publicado: Mendoza : Instituto Nacional de Tecnología Agropecuaria, 1969
Materias:
Etiquetas: Agregar Etiqueta
Sin Etiquetas, Sea el primero en etiquetar este registro!
LEADER 00799nam a22002295a 4500
001 CEM.cems015675
005 20120829164957.0
008 130507s1969##################000#0#####d
003 CEMS
082 0 4 |a 664.8 
100 1 |a Inta. Argentina 
245 1 0 |a Conservación de frutas y hortalizas/, 
260 |a Mendoza :  |b Instituto Nacional de Tecnología Agropecuaria,  |c 1969 
300 |a p.variada 
653 |a Alimentos-envases 
653 |a Alimentos-higiene 
653 |a Alimentos-conservación 
653 |a Conservas 
653 |a Dulces-elaboración 
859 |a CEMS  |b BIB. CEMS - Agricultura  |h 664.8  |i Ar37  |p A11883.83  |t Ej.1  |v 1  |3 Vol. 1 
859 |a CEMS  |b BIB. CEMS - Agricultura  |h 664.8  |i Ar37  |p A11884.83  |t Ej.2  |v 1  |3 Vol. 1 
859 |a CEMS  |b BIB. CEMS - Agricultura  |h 664.8  |i Ar37  |p A11885.83  |t Ej.3  |v 1  |3 Vol. 1